| 000 | 00000nam##2200000za#4500 |
| 001 | 9.606166 |
| 003 | CaOODSP |
| 005 | 20210624212506 |
| 007 | cr ||||||||||| |
| 008 | 150406|2005||||xxc|||||o f|0| 0 fre|d |
| 040 | |aCaOODSP|bfre |
| 043 | |an-cn--- |
| 086 | 1 |aTU3-8/05-0044F-PDF |
| 110 | 2 |aBureau de la sécurité des transports du Canada. |
| 245 | 10|aRupture d'un oléoduc de pétrole brut - Terasen Pipelines (Trans Mountain) Inc. conduite de transfert de 508 millimètres de diamètre près d'Abbotsford (Colombie-Britannique) le 15 juillet 2005 |h[ressource électronique] |
| 260 | |bBureau de la sécurité des transports du Canada |c[2007]. |
| 300 | |a26p.|bfigures, carte |
| 490 | 1 |aRapport d’enquête de pipeline |vP05H0044 |
| 590 | |a13-22-Supp|b2013-09-26 |
| 775 | 08|tCrude oil pipeline rupture - Terasen Pipelines (Trans Mountain) Inc. 508-millimetre-diameter transfer line near Abbotsford, British Columbia, 15 July 2005 |w(CaOODSP)9.577606 |
| 830 | #0|aRapport d’enquête de pipeline ;|vP05H0044|w(CaOODSP)9.502072 |
| 856 | 40|ahttp://publications.gc.ca|qPDF|s2297 Ko|uhttps://publications.gc.ca/collections/collection_2013/bst-tsb/TU3-8-05-0044-fra.pdf|yP05H0044 |